|
|
|
|
| LEADER |
00000cam a2200000 7i4500 |
| 001 |
0000004015 |
| 005 |
20150107.0 |
| 020 |
0 |
0 |
|a 9789834601706
|
| 090 |
0 |
0 |
|a 359.09595
|b ETQ 2010
|
| 100 |
1 |
0 |
|a Jabatan Perdana Menteri
|
| 245 |
1 |
0 |
|a Garis panduan amalan istiadat dan protokol dalam majlis rasmi kerajaan :
|b Jabatan Perdana Menteri
|
| 260 |
0 |
0 |
|a Kuala Lumpur :
|b Dawama Sdn. Bhd. ,
|c 2010
|
| 300 |
|
|
|a xvii, 81 p. ;
|c 28 cm.
|
| 500 |
0 |
0 |
|a Included index
|
| 650 |
0 |
0 |
|a Diplomatic etiquette---Malaysia
|
| 650 |
0 |
0 |
|a Goverment etiquette---Malaysia
|
| 650 |
0 |
0 |
|a Precedence---Malaysia
|
| 998 |
|
|
|a JPSM
|
| 999 |
|
|
|a 007846
|b Monograph
|c Open Shelf
|e Default branch
|